one direction inside jokes - Statistics

General Stats
  • This quiz has been taken 4,823 times
  • The average score is 10 of 15
Answer Stats
Hint Answer % Correct
Girls who eat Carrots
97%
Simple but Effective
89%
Chillin out in me Box
84%
DJ Malik
82%
Cute as a Button
80%
NO jimmy protested
79%
Niall the bad boy give it a rest Niall the church boy more like
77%
Exuse me Liam
70%
it said do not daill nine so i dialled nine
69%
harrys shes five
68%
im not feeling fabulous
57%
SHES MINE
52%
can anybody hear running water
50%
Physically im fine emotionaly im bruised
12%
vas happing
4%
No matching quizzes found
Score Distribution
Percent of People with Each Score
Percentile by Number Answered
Your Score History
You have not taken this quiz